000 00343nam a2200145Ia 4500
100 _aGayakwad/Ramakant A
650 _aElectrical Engineering
942 _cBK
654 _aEngineering
245 _aOP-Amps & Linear Integrated Circuits
260 _bprentice
_aNew Delhi
_c1993
082 _a621.381535
546 _aENGLISH
999 _c34073
_d34073